[Event "Madrid Chamartin op 6th"]
[Site "Madrid"]
[Date "2017.09.06"]
[Round "4"]
[White "Rottenwoerer, Christoph"]
[Black "Gonzalez Aguirre, Luis"]
[Result "0-1"]
[WhiteElo "1691"]
[BlackElo "2119"]
[PlyCount "64"]
[EventDate "2017.09.04"]
[EventType "swiss"]
[EventRounds "9"]
[EventCountry "ESP"]
[SourceTitle "CBM 180 Extra"]
[Source "ChessBase"]
[SourceDate "2017.10.06"]
[SourceVersion "1"]
[SourceVersionDate "2017.10.06"]
[SourceQuality "1"]

1. d4 d5 2. Bf4 Nf6 3. e3 c5 4. c3 Nc6 5. Nd2 cxd4 6. exd4 Bf5 7. Ngf3 e6 8. Be2 Bd6 9. Ne5 Qc7 10. g4 Bg6 11. h4 Nd7 12. h5 f6 13. hxg6 fxe5 14. Rxh7 0-0-0 15. Bg5 Rdg8 16. Nf3 e4 17. Ne5 Ndxe5 18. dxe5 Nxe5 19. Qa4 Nxg6 20. Rxh8 Rxh8 21. 0-0-0 Bf4+ 22. Bxf4 Qxf4+ 23. Kb1 Qxf2 24. Bb5 Rh2 25. Qb3 e3 26. Bd7+ Kxd7 27. Rxd5+ exd5 28. Qxd5+ Ke7 29. Qxb7+ Kf6 30. Qc6+ Kg5 31. Qd5+ Kh6 32. g5+ Kh7 0-1

[Event "Madrid-ch Previa-A"]
[Site "Madrid"]
[Date "2017.02.21"]
[Round "8"]
[White "Serrano Garcia, Vicente"]
[Black "Rottenwoerer, Christoph"]
[Result "1-0"]
[WhiteElo "1822"]
[BlackElo "1665"]
[PlyCount "107"]
[EventDate "2017.02.06"]
[EventType "swiss"]
[EventRounds "9"]
[EventCountry "ESP"]
[SourceTitle "CBM 177 Extra"]
[Source "ChessBase"]
[SourceDate "2017.04.27"]
[SourceVersion "1"]
[SourceVersionDate "2017.04.27"]
[SourceQuality "1"]

1. d4 Nf6 2. Nf3 d6 3. Bg5 e6 4. e3 h6 5. Bh4 g5 6. Bg3 Nh5 7. Nbd2 Nxg3 8. hxg3 Bg7 9. Bd3 Nd7 10. c3 Qe7 11. Qe2 a6 12. e4 b6 13. e5 Bb7 14. Nc4 d5 15. Ne3 c5 16. a3 c4 17. Bc2 Bc6 18. Nd2 b5 19. f4 f5 20. Bxf5 Kd8 21. Bg6 Nf8 22. Bh5 Bd7 23. Qf3 gxf4 24. gxf4 Nh7 25. Bg6 Kc7 26. f5 Ng5 27. Qg3 Qd8 28. f6 Bf8 29. Rh5 Be8 30. Bxe8 Qxe8 31. Rh4 a5 32. Rf4 b4 33. f7 Qd8 34. Qg4 bxa3 35. bxa3 Ra6 36. Qd1 a4 37. Nc2 Rh7 38. Nb4 Ra8 39. Qc2 Rxf7 40. Rxf7+ Nxf7 41. Nf3 Be7 42. Qg6 Ng5 43. Nxg5 Bxg5 44. Qxe6 Bh4+ 45. Ke2 Ra5 46. Rf1 Rb5 47. Qc6+ Kb8 48. Qxb5+ Kc8 49. Qc6+ Kb8 50. Na6+ Ka7 51. Rf7+ Be7 52. Rxe7+ Qxe7 53. Qc7+ Qxc7 54. Nxc7 1-0

[Event "Madrid-ch Previa-A"]
[Site "Madrid"]
[Date "2017.02.08"]
[Round "3"]
[White "Pashov, Spas Nikolov"]
[Black "Rottenwoerer, Christoph"]
[Result "1-0"]
[WhiteElo "1853"]
[BlackElo "1665"]
[PlyCount "74"]
[EventDate "2017.02.06"]
[EventType "swiss"]
[EventRounds "9"]
[EventCountry "ESP"]
[SourceTitle "CBM 177 Extra"]
[Source "ChessBase"]
[SourceDate "2017.04.27"]
[SourceVersion "1"]
[SourceVersionDate "2017.04.27"]
[SourceQuality "1"]

1. e4 c5 2. Nf3 g6 3. d4 cxd4 4. Nxd4 Bg7 5. c4 Nc6 6. Be3 Nf6 7. Nc3 d6 8. Be2 Ng4 9. Bxg4 Bxg4 10. Nxc6 Bxd1 11. Nxd8 Bxc3+ 12. bxc3 Rxd8 13. Kxd1 Rc8 14. Bxa7 Rxc4 15. f3 Kd7 16. Kd2 Ra8 17. Be3 Rca4 18. Rhc1 b5 19. Rc2 Kc6 20. Rb2 e6 21. Kd3 Ra3 22. Bc1 R3a5 23. Rc2 d5 24. a3 Rd8 25. Bb2 Ra4 26. Ke3 Rc4 27. Rd2 f5 28. Rd4 e5 29. exd5+ Kc5 30. Rxc4+ Kxc4 31. Rd1 Kb3 32. Rd2 Rd6 33. f4 e4 34. Kd4 Rd8 35. Kc5 e3 36. Re2 Ka2 37. c4 bxc4 1-0

[Event "San Sebastian de los Reyes op 18th"]
[Site "San Sebastian"]
[Date "2016.12.07"]
[Round "5"]
[White "Rottenwoerer, Christoph"]
[Black "Asins Martin, Jose"]
[Result "1-0"]
[WhiteElo "1668"]
[BlackElo "1323"]
[PlyCount "77"]
[EventDate "2016.12.03"]
[EventType "swiss"]
[EventRounds "9"]
[EventCountry "ESP"]
[SourceTitle "CBM 176 Extra"]
[Source "ChessBase"]
[SourceDate "2017.03.02"]
[SourceVersion "1"]
[SourceVersionDate "2017.03.02"]
[SourceQuality "1"]

1. Nf3 g6 2. d4 Bg7 3. Bf4 c5 4. e3 d6 5. h3 a6 6. a4 b6 7. Bc4 d5 8. Be2 Nf6 9. 0-0 0-0 10. c3 Nc6 11. Nbd2 Bf5 12. Bh2 c4 13. b3 b5 14. Nh4 Bd7 15. b4 Re8 16. f4 e6 17. Nhf3 Ne4 18. Nxe4 dxe4 19. Ne5 Nxe5 20. fxe5 Qg5 21. Bf4 Qe7 22. a5 f5 23. exf6 Bxf6 24. Bg4 h5 25. Be2 Bg5 26. Bxh5 Bxf4 27. Rxf4 Qg5 28. Bg4 Bc6 29. Qe2 e5 30. Rf2 Kg7 31. Raf1 Bd5 32. Qd2 Rad8 33. Rf6 Bb7 34. Rf7+ Kh6 35. Rxb7 exd4 36. cxd4 Rd6 37. Rff7 Qd8 38. Rh7+ Kg5 39. Qf2 1-0

[Event "San Sebastian de los Reyes op 18th"]
[Site "San Sebastian"]
[Date "2016.12.04"]
[Round "2"]
[White "Rial Rodriguez, Marta"]
[Black "Rottenwoerer, Christoph"]
[Result "0-1"]
[WhiteElo "1412"]
[BlackElo "1668"]
[PlyCount "52"]
[EventDate "2016.12.03"]
[EventType "swiss"]
[EventRounds "9"]
[EventCountry "ESP"]
[SourceTitle "CBM 176 Extra"]
[Source "ChessBase"]
[SourceDate "2017.03.02"]
[SourceVersion "1"]
[SourceVersionDate "2017.03.02"]
[SourceQuality "1"]

1. e4 c5 2. c3 d5 3. e5 Nc6 4. d4 cxd4 5. cxd4 g6 6. Nf3 Bg4 7. Be3 e6 8. a3 Nge7 9. b4 a6 10. Bd3 Nf5 11. Bxf5 Bxf5 12. h3 Bg7 13. 0-0 0-0 14. Nbd2 Bd3 15. Re1 Bc4 16. Rc1 b5 17. Nb1 a5 18. Qd2 axb4 19. axb4 Ra2 20. Qc3 Qe7 21. Bd2 Rfa8 22. Rc2 Rxc2 23. Qxc2 Nxb4 24. Bxb4 Qxb4 25. Nc3 Ra3 26. Ne2 Rxf3 0-1

[Event "Madrid-ch Previa-B"]
[Site "Madrid"]
[Date "2015.02.06"]
[Round "2"]
[White "Rottenwoerer, Christoph"]
[Black "Aragon Gutierrez, Alejandro"]
[Result "0-1"]
[WhiteElo "1689"]
[BlackElo "1806"]
[PlyCount "124"]
[EventDate "2015.02.05"]
[EventType "swiss"]
[EventRounds "9"]
[EventCountry "ESP"]
[SourceTitle "EXT 2018"]
[Source "ChessBase"]
[SourceDate "2017.10.13"]
[SourceVersion "1"]
[SourceVersionDate "2017.10.13"]
[SourceQuality "1"]

1. Nf3 d5 2. c4 c6 3. g3 Nf6 4. Bg2 e6 5. 0-0 Be7 6. cxd5 exd5 7. d4 0-0 8. Bg5 h6 9. Bxf6 Bxf6 10. Qb3 Nd7 11. Nc3 Re8 12. e3 Nb6 13. Nd2 Bf5 14. Ne2 Rb8 15. Rac1 Nd7 16. Nf4 Qb6 17. Qxb6 Nxb6 18. b3 Rbd8 19. Rfe1 Be7 20. Nb1 Bd6 21. Bf3 Nd7 22. Ne2 Nf6 23. Nec3 Re7 24. a3 a5 25. Red1 Nh7 26. h4 g5 27. g4 Bc8 28. hxg5 hxg5 29. Kh1 Nf6 30. Rg1 Kg7 31. Kg2 Nxg4 32. Bxg4 Bxg4 33. Kf1 Bh3+ 34. Ke2 f6 35. Kd2 Bf5 36. Rh1 Rh8 37. Rxh8 Kxh8 38. Rh1+ Rh7 39. Rxh7+ Kxh7 40. Kc1 Kh6 41. Kb2 Kh5 42. Nd2 Kg4 43. f3+ Kg3 44. e4 Be6 45. exd5 cxd5 46. Nb5 Bf4 47. Kc2 Bxd2 48. Kxd2 Kxf3 49. Ke1 g4 50. Kf1 f5 51. b4 axb4 52. axb4 f4 53. Nc7 Bf7 54. b5 Kg3 55. Kg1 f3 56. b6 f2+ 57. Kf1 Bg6 58. Ke2 Kg2 59. Nxd5 f1Q+ 60. Kd2 Qf2+ 61. Kc3 Qf3+ 62. Kc4 Bf7 0-1

[Event "Madrid-ch"]
[Site "Madrid"]
[Date "2014.02.28"]
[Round "8"]
[White "Alonso Herrero, Ignacio"]
[Black "Rottenwoerer, Christoph"]
[Result "1-0"]
[WhiteElo "1777"]
[BlackElo "1643"]
[PlyCount "77"]
[EventDate "2014.02.06"]
[EventType "swiss"]
[EventRounds "9"]
[EventCountry "ESP"]
[SourceTitle "CBM 159 Extra"]
[Source "ChessBase"]
[SourceDate "2014.04.24"]
[SourceVersion "1"]
[SourceVersionDate "2014.04.24"]
[SourceQuality "1"]

1. e4 c5 2. Nc3 g6 3. f4 Nc6 4. Bb5 Nd4 5. Bc4 d6 6. h3 a6 7. a4 Bd7 8. Nf3 b5 9. Bd5 Rb8 10. axb5 e6 11. Bc6 axb5 12. Bxd7+ Qxd7 13. 0-0 Bg7 14. d3 Ne7 15. Kh1 0-0 16. Nxd4 Bxd4 17. Ne2 Bg7 18. c3 Qb7 19. Ng3 Ra8 20. Rxa8 Rxa8 21. f5 Be5 22. fxe6 fxe6 23. Qf3 Nc6 24. Bh6 Qe7 25. h4 Re8 26. Bg5 Qg7 27. Bh6 Qe7 28. Qg4 Bf6 29. h5 Kh8 30. hxg6 Rg8 31. g7+ Bxg7 32. Bg5 Qe8 33. Nh5 Ne5 34. Qh3 Qg6 35. Be7 Nxd3 36. Nxg7 Qxe4 37. Nxe6 Rxg2 38. Qxg2 Qh4+ 39. Bxh4 1-0

[Event "Madrid-ch"]
[Site "Madrid"]
[Date "2014.02.14"]
[Round "4"]
[White "Melcon Diez, Enrique"]
[Black "Rottenwoerer, Christoph"]
[Result "0-1"]
[WhiteElo "1606"]
[BlackElo "1643"]
[PlyCount "76"]
[EventDate "2014.02.06"]
[EventType "swiss"]
[EventRounds "9"]
[EventCountry "ESP"]
[SourceTitle "CBM 159 Extra"]
[Source "ChessBase"]
[SourceDate "2014.04.24"]
[SourceVersion "1"]
[SourceVersionDate "2014.04.24"]
[SourceQuality "1"]

1. c4 Nf6 2. Nc3 g6 3. e4 d6 4. d4 Bg7 5. f4 0-0 6. Nf3 Bg4 7. Be2 Bxf3 8. Bxf3 Nc6 9. 0-0 e5 10. fxe5 dxe5 11. d5 Nd4 12. Bg5 h6 13. Be3 Qe7 14. Bxd4 exd4 15. Nb5 Nd7 16. Qd2 Qc5 17. Rac1 a6 18. b4 Qb6 19. Na3 c5 20. dxc6 bxc6 21. c5 Qc7 22. Nc4 Rad8 23. Rcd1 Kh7 24. Qd3 Ne5 25. Nxe5 Bxe5 26. g3 h5 27. Qe2 Kg7 28. Kh1 Rh8 29. Rf2 Qb7 30. a3 Qd7 31. Qxa6 Ra8 32. Qd3 Ra4 33. Qb3 Rha8 34. Ra2 Qa7 35. Rd3 Qe7 36. Qc4 h4 37. g4 Qf6 38. Bd1 Qf1# 0-1

[Event "Madrid-ch"]
[Site "Madrid"]
[Date "2014.02.06"]
[Round "1"]
[White "Rottenwoerer, Christoph"]
[Black "Tirado Parra, Alberto"]
[Result "0-1"]
[WhiteElo "1643"]
[BlackElo "1939"]
[PlyCount "88"]
[EventDate "2014.02.06"]
[EventType "swiss"]
[EventRounds "9"]
[EventCountry "ESP"]
[SourceTitle "CBM 159 Extra"]
[Source "ChessBase"]
[SourceDate "2014.04.24"]
[SourceVersion "1"]
[SourceVersionDate "2014.04.24"]
[SourceQuality "1"]

1. Nf3 d5 2. c4 e6 3. g3 Nf6 4. Bg2 c5 5. 0-0 Be7 6. cxd5 exd5 7. d4 c4 8. Nc3 0-0 9. Bg5 Nc6 10. Re1 Be6 11. e4 Nxe4 12. Bxe7 Nxc3 13. bxc3 Qxe7 14. Ne5 Nxe5 15. Rxe5 Qd7 16. Qc2 f6 17. Re3 Rfe8 18. Rae1 Bf7 19. f4 Rxe3 20. Rxe3 Re8 21. Rxe8+ Qxe8 22. Kf2 b5 23. Qb2 Be6 24. Qb4 Qd7 25. Qc5 Kf7 26. f5 Bxf5 27. Qxd5+ Qxd5 28. Bxd5+ Ke7 29. Bc6 Bd7 30. Bd5 Be8 31. a3 Kd6 32. Be4 Bg6 33. Ke3 Bxe4 34. Kxe4 a5 35. Ke3 Kd5 36. h3 f5 37. h4 g6 38. Kf4 b4 39. cxb4 axb4 40. axb4 Kxd4 41. b5 c3 42. b6 c2 43. b7 c1Q+ 44. Kf3 Qc6+ 0-1

[Event "Madrid San Viator op 20th"]
[Site "Madrid"]
[Date "2013.06.09"]
[Round "9"]
[White "Casado Salvo, Jose Maria"]
[Black "Rottenwoerer, Christoph"]
[Result "0-1"]
[WhiteElo "1758"]
[BlackElo "1615"]
[PlyCount "126"]
[EventDate "2013.04.07"]
[EventType "swiss"]
[EventRounds "9"]
[EventCountry "ESP"]
[SourceTitle "EXT 2014"]
[Source "ChessBase"]
[SourceDate "2013.11.20"]
[SourceVersion "1"]
[SourceVersionDate "2013.11.20"]
[SourceQuality "1"]

1. f4 c5 2. e3 Nf6 3. Nf3 Nc6 4. b3 g6 5. Bb2 Bg7 6. Bd3 0-0 7. 0-0 d5 8. c3 Bg4 9. Be2 Qc7 10. d4 cxd4 11. cxd4 Bxf3 12. Bxf3 e6 13. Nc3 Rfd8 14. Qd2 Qa5 15. Rfd1 Rac8 16. a3 Nd7 17. b4 Qc7 18. Nb5 Qb8 19. Rdc1 Nb6 20. Be2 a6 21. Nc3 Rc7 22. Rc2 Rdc8 23. Rac1 Ne7 24. g4 Rd8 25. b5 a5 26. a4 Nc4 27. Bxc4 Rxc4 28. Ba3 Nc8 29. Ra1 b6 30. Bb2 Bf8 31. Nd1 Bb4 32. Qe2 Nd6 33. Nf2 Rdc8 34. Rxc4 dxc4 35. Rc1 c3 36. Ba1 Qc7 37. Nd3 Qc4 38. Kf1 Ne4 39. Ne5 Qxe2+ 40. Kxe2 Nd2 41. Nc6 Nb3 42. Ne7+ Kf8 43. Nxc8 Nxc1+ 44. Kd1 Nb3 45. Bxc3 Bxc3 46. Nxb6 Nd2 47. Kc2 Ne4 48. Nd7+ Ke7 49. Nc5 Nxc5 50. dxc5 Bb4 51. c6 Kd6 52. Kd3 Bc5 53. e4 Bb6 54. Kc4 f6 55. h3 h5 56. g5 fxg5 57. e5+ Kc7 58. fxg5 Be3 59. Kd3 Bxg5 60. Ke4 Be7 61. Kf4 Kb6 62. Ke4 g5 63. Kd3 Bd8 0-1

[Event "Madrid San Viator op 20th"]
[Site "Madrid"]
[Date "2013.04.28"]
[Round "4"]
[White "Rosa Ramirez, Victor Diego"]
[Black "Rottenwoerer, Christoph"]
[Result "1-0"]
[WhiteElo "1945"]
[BlackElo "1615"]
[PlyCount "61"]
[EventDate "2013.04.07"]
[EventType "swiss"]
[EventRounds "9"]
[EventCountry "ESP"]
[SourceTitle "EXT 2014"]
[Source "ChessBase"]
[SourceDate "2013.11.20"]
[SourceVersion "1"]
[SourceVersionDate "2013.11.20"]
[SourceQuality "1"]

1. e4 c5 2. c3 Qa5 3. Na3 e6 4. e5 Nc6 5. Nc4 Qc7 6. d4 b5 7. Na3 a6 8. Nc2 Nge7 9. Ne3 cxd4 10. cxd4 Nb4 11. a3 Nbd5 12. Bd3 Bb7 13. Nf3 Nxe3 14. fxe3 Bd5 15. 0-0 Bc4 16. Bxc4 Qxc4 17. Ng5 Nf5 18. Nxf7 Kxf7 19. e4 g6 20. Qf3 Qxd4+ 21. Be3 Qxe5 22. exf5 exf5 23. Qxa8 Bc5 24. Qb7 Bxe3+ 25. Kh1 Rd8 26. Rad1 Bd4 27. Rfe1 Qd6 28. Qf3 Qb6 29. Qd5+ Qe6 30. Rxe6 dxe6 31. Qxd8 1-0

[Event "Madrid-ch Previa-B"]
[Site "Madrid"]
[Date "2013.02.16"]
[Round "7"]
[White "Rottenwoerer, Christoph"]
[Black "Melcon Diez, Enrique"]
[Result "1-0"]
[WhiteElo "1609"]
[BlackElo "1669"]
[PlyCount "83"]
[EventDate "2013.02.01"]
[EventType "swiss"]
[EventRounds "9"]
[EventCountry "ESP"]
[SourceTitle "CBM 152 Extra"]
[Source "ChessBase"]
[SourceDate "2013.02.25"]
[SourceVersion "1"]
[SourceVersionDate "2013.02.25"]
[SourceQuality "1"]

1. c4 c5 2. g3 g6 3. Bg2 Bg7 4. Nc3 Nc6 5. Nf3 e6 6. d3 Nge7 7. Bg5 0-0 8. Qc1 b6 9. Ne4 f6 10. Bh6 Bxh6 11. Qxh6 Nf5 12. Qd2 d5 13. cxd5 exd5 14. Nc3 Bb7 15. 0-0 Qd7 16. Rfd1 d4 17. Ne4 Rae8 18. b3 Nd6 19. Nxd6 Qxd6 20. Re1 Nb4 21. Qb2 Re7 22. a3 Nd5 23. Nd2 f5 24. Nc4 Qc7 25. b4 Rfe8 26. Bxd5+ Bxd5 27. Rac1 Qc6 28. Qd2 Qc7 29. Nb2 Qc8 30. Nc4 Qd7 31. Rc2 cxb4 32. Qxb4 f4 33. Qd6 Qxd6 34. Nxd6 Rd8 35. Nb5 fxg3 36. fxg3 Bb7 37. Rc7 Rxc7 38. Nxc7 Rc8 39. Nb5 Rd8 40. Nxa7 Rd5 41. Rb1 Ra5 42. Nb5 1-0

[Event "Madrid-ch Previa-B"]
[Site "Madrid"]
[Date "2013.02.09"]
[Round "5"]
[White "Rottenwoerer, Christoph"]
[Black "Villarroya Samaniego, Javier"]
[Result "1-0"]
[WhiteElo "1609"]
[BlackElo "1275"]
[PlyCount "71"]
[EventDate "2013.02.01"]
[EventType "swiss"]
[EventRounds "9"]
[EventCountry "ESP"]
[SourceTitle "CBM 152 Extra"]
[Source "ChessBase"]
[SourceDate "2013.02.25"]
[SourceVersion "1"]
[SourceVersionDate "2013.02.25"]
[SourceQuality "1"]

1. c4 Nf6 2. g3 d6 3. Bg2 g6 4. Nc3 Bg7 5. Nf3 0-0 6. 0-0 e5 7. e4 Be6 8. d3 a6 9. h3 Qc8 10. Kh2 Nc6 11. Be3 Rb8 12. Rc1 Ne7 13. a4 c5 14. Ne1 Nd7 15. Nc2 f5 16. f4 exf4 17. Bxf4 Ne5 18. Qd2 Qd7 19. b4 b6 20. Rb1 Qc7 21. Qe2 Qd7 22. Qd2 Kf7 23. Rbd1 Rh8 24. b5 a5 25. Ne3 h5 26. Bg5 Bf6 27. Bxf6 Kxf6 28. Ncd5+ Nxd5 29. cxd5 Bf7 30. Nc4 Nxc4 31. dxc4 Ke7 32. Qg5+ Kf8 33. exf5 Qe7 34. Qf4 Qe5 35. Qxe5 dxe5 36. fxg6 1-0

[Event "Madrid Oliver Gonzalez Memorial-B 3rd"]
[Site "Madrid"]
[Date "2012.09.01"]
[Round "1"]
[White "Rosa Ramirez, Victor Diego"]
[Black "Rottenwoerer, Christoph"]
[Result "1-0"]
[WhiteElo "1951"]
[BlackElo "1599"]
[PlyCount "113"]
[EventDate "2012.09.01"]
[EventType "swiss"]
[EventRounds "9"]
[EventCountry "ESP"]
[SourceTitle "CBM 150 Extra"]
[Source "ChessBase"]
[SourceDate "2012.10.19"]
[SourceVersion "1"]
[SourceVersionDate "2012.10.19"]
[SourceQuality "1"]

1. e4 c5 2. c3 d5 3. exd5 Qxd5 4. d4 g6 5. Nf3 Bg7 6. Be3 Nh6 7. dxc5 Qxd1+ 8. Kxd1 Bg4 9. Bb5+ Nc6 10. Nbd2 0-0 11. h3 Bxf3+ 12. Nxf3 Nf5 13. Re1 Nxe3+ 14. Rxe3 Rfd8+ 15. Kc2 e6 16. Bxc6 bxc6 17. Rd1 Rxd1 18. Kxd1 Rd8+ 19. Kc2 Rd5 20. b4 Kf8 21. Rd3 e5 22. Nd2 Ke7 23. a4 Rxd3 24. Kxd3 f5 25. f3 Kd7 26. Nc4 a6 27. Nd2 Bh6 28. c4 Bf8 29. Nb3 Be7 30. b5 Kc7 31. b6+ Kc8 32. Na5 Bxc5 33. Nxc6 Bxb6 34. Nxe5 Kc7 35. Kc3 a5 36. Nd3 Kd6 37. g4 fxg4 38. fxg4 Be3 39. Kc2 Bb6 40. Kd2 Bd8 41. Ke3 Bg5+ 42. Ke4 Be7 43. c5+ Kc6 44. Kd4 Bf6+ 45. Kc4 Ba1 46. Ne1 Bf6 47. Nf3 Ba1 48. Nd4+ Bxd4 49. Kxd4 g5 50. Kc4 h6 51. Kd4 Kd7 52. Kd5 Kc8 53. c6 Kc7 54. Kc5 Kb8 55. Kb6 Kc8 56. Kxa5 Kc7 57. Kb5 1-0

[Event "Madrid-ch Previa-A"]
[Site "Madrid"]
[Date "2012.02.14"]
[Round "5"]
[White "Ojosnegros Martin, Angel"]
[Black "Rottenwoerer, Christoph"]
[Result "0-1"]
[WhiteElo "1480"]
[BlackElo "1595"]
[PlyCount "152"]
[EventDate "2012.02.06"]
[EventType "swiss"]
[EventRounds "9"]
[EventCountry "ESP"]
[SourceTitle "CBM 147 Extra"]
[Source "ChessBase"]
[SourceDate "2012.04.24"]
[SourceVersion "1"]
[SourceVersionDate "2012.04.24"]
[SourceQuality "1"]

1. e4 c5 2. Nf3 g6 3. d4 cxd4 4. Nxd4 Bg7 5. Be3 Nc6 6. Nc3 Nf6 7. Bc4 0-0 8. Qd2 Ng4 9. Nxc6 dxc6 10. f3 Nxe3 11. Qxe3 Qa5 12. 0-0-0 Qb4 13. Bb3 Qa5 14. Kb1 Qe5 15. f4 Qc7 16. h3 b5 17. e5 a5 18. a4 Rb8 19. axb5 cxb5 20. Nd5 Qb7 21. Qc5 e6 22. Ne7+ Kh8 23. Nc6 Qc7 24. Qd6 Qxd6 25. exd6 Rb7 26. Nxa5 Rd7 27. Ba2 Ba6 28. Rd2 Rc8 29. Nb3 Rc4 30. g3 Bb7 31. Rg1 Ba8 32. Nc1 Ra4 33. Ne2 Bc6 34. g4 Bf8 35. Re1 Rxd6 36. Rxd6 Bxd6 37. Rf1 Bg2 38. Rd1 Bxf4 39. b3 Re4 40. Nc3 Re5 41. Rd4 Re1+ 42. Kb2 Bc1+ 43. Kb1 Be3+ 44. Rd1 Rxd1+ 45. Nxd1 Bd4 46. h4 Bf3 47. Kc1 Bxg4 48. c3 Bb6 49. b4 Bd8 50. Nf2 h5 51. c4 bxc4 52. Bxc4 Bxh4 53. Ne4 Bf3 54. Nd6 Kg7 55. b5 Bf2 56. Bf1 Kf8 57. Nc4 Ke7 58. b6 Kd8 59. Ne5 Bb7 60. Nxf7+ Ke7 61. Ne5 Kf6 62. Nd7+ Kf5 63. Bd3+ Kf4 64. Bxg6 h4 65. Nf6 Bxb6 66. Bf7 e5 67. Nd7 Ba7 68. Be6 e4 69. Bc4 h3 70. Bf1 h2 71. Bg2 Bc8 72. Nf6 Bf5 73. Nh5+ Kg4 74. Nf6+ Kg3 75. Bh1 e3 76. Kd1 Kf2 0-1

[Event "Madrid-ch Previa-A"]
[Site "Madrid"]
[Date "2012.02.07"]
[Round "2"]
[White "Rottenwoerer, Christoph"]
[Black "Camarero Izquierdo, Juan Carlos"]
[Result "0-1"]
[WhiteElo "1595"]
[BlackElo "1896"]
[PlyCount "70"]
[EventDate "2012.02.06"]
[EventType "swiss"]
[EventRounds "9"]
[EventCountry "ESP"]
[SourceTitle "CBM 147 Extra"]
[Source "ChessBase"]
[SourceDate "2012.04.24"]
[SourceVersion "1"]
[SourceVersionDate "2012.04.24"]
[SourceQuality "1"]

1. c4 e5 2. g3 f5 3. Bg2 Nf6 4. Nf3 e4 5. Nd4 d6 6. Nc3 Bd7 7. f3 Nc6 8. Nc2 Qe7 9. 0-0 0-0-0 10. Nd5 Qf7 11. fxe4 fxe4 12. Bxe4 h5 13. d4 h4 14. Qe1 Re8 15. Bg2 hxg3 16. Qxg3 Rxe2 17. Rf2 Rxf2 18. Qxf2 Qh5 19. Bf4 Ng4 20. Qf3 g5 21. Bg3 Bg7 22. Qd3 Nxh2 23. b4 g4 24. Nde3 Nf3+ 25. Kf2 Qf7 26. Ke2 Re8 27. Kd1 Ncxd4 28. Rb1 Nxc2 29. Nxc2 Bf5 30. Qd5 Qg6 31. Rc1 Bh6 32. Nd4 Be4 33. Qb5 Nxd4 34. Bxe4 Qxe4 35. Qxe8+ Qxe8 0-1

[Event "Madrid Oliver Gonzalez Memorial 2nd"]
[Site "Madrid"]
[Date "2011.10.14"]
[Round "7"]
[White "Rottenwoerer, Christoph"]
[Black "Camarero Izquierdo, Juan Carlos"]
[Result "0-1"]
[WhiteElo "1588"]
[BlackElo "1933"]
[PlyCount "95"]
[EventDate "2011.10.08"]
[EventType "swiss"]
[EventRounds "9"]
[EventCountry "ESP"]
[SourceTitle "CBM 144 Extra"]
[Source "ChessBase"]
[SourceDate "2011.10.28"]
[SourceVersion "1"]
[SourceVersionDate "2011.10.28"]
[SourceQuality "1"]

1. c4 f5 2. g3 Nf6 3. Bg2 e5 4. Nc3 Bb4 5. Nd5 Nxd5 6. cxd5 0-0 7. e3 d6 8. Ne2 Nd7 9. 0-0 Ba5 10. a3 Bb6 11. b4 Qf6 12. Bb2 Qh6 13. f4 Nf6 14. Qc1 Bd7 15. a4 a5 16. b5 Be8 17. d4 e4 18. Qc4 Ng4 19. h3 Nxe3 20. Qb3 Nxf1 21. Kxf1 Bh5 22. Ng1 Rae8 23. Qe3 Bf7 24. Qb3 Re7 25. Re1 Rfe8 26. Qc4 Bh5 27. Bc1 Bf3 28. Be3 Qg6 29. Kf2 h5 30. Bxf3 exf3 31. Nxf3 Rc8 32. Qc3 Qe8 33. Qb3 Kh8 34. Qb1 g6 35. Ng5 Rxe3 36. Rxe3 Bxd4 37. Ne6 Bxe3+ 38. Kxe3 Qe7 39. Qb2+ Kg8 40. Kf2 c6 41. Qc3 Qf7 42. Kf3 c5 43. Qa3 c4 44. Qc3 b6 45. Ke3 Qh7 46. Kd2 Qh8 47. Qxh8+ Kxh8 48. Nd4 0-1

[Event "Madrid Oliver Gonzalez Memorial 2nd"]
[Site "Madrid"]
[Date "2011.10.08"]
[Round "1"]
[White "Lopez de Turiso, Jose Angel"]
[Black "Rottenwoerer, Christoph"]
[Result "1-0"]
[WhiteElo "2084"]
[BlackElo "1588"]
[PlyCount "77"]
[EventDate "2011.10.08"]
[EventType "swiss"]
[EventRounds "9"]
[EventCountry "ESP"]
[SourceTitle "CBM 144 Extra"]
[Source "ChessBase"]
[SourceDate "2011.10.28"]
[SourceVersion "1"]
[SourceVersionDate "2011.10.28"]
[SourceQuality "1"]

1. c4 Nf6 2. Nc3 g6 3. d4 Bg7 4. e4 d6 5. Nf3 0-0 6. Be2 e5 7. d5 Nbd7 8. Bg5 h6 9. Bh4 a6 10. b4 Qe8 11. Nd2 Nh7 12. Nb3 b6 13. 0-0 Kh8 14. Rc1 Nhf6 15. g4 g5 16. Bg3 Ng8 17. h4 f6 18. h5 Rf7 19. f3 Bf8 20. Bf2 Qd8 21. c5 dxc5 22. bxc5 Nb8 23. a4 Bd7 24. Bc4 b5 25. axb5 axb5 26. Nxb5 Bxb5 27. Bxb5 c6 28. Bc4 Rfa7 29. Qd3 Qd7 30. Ra1 Rxa1 31. Rxa1 Rxa1+ 32. Nxa1 Qa7 33. Nb3 Qa3 34. Kg2 Qa4 35. d6 Nd7 36. Be6 Qa7 37. Qc4 Ne7 38. Bxd7 Qxd7 39. Qf7 1-0